000 00941nam a22003257a 4500
001 BR8400362
003 BR-BrBNA
005 20230928091841.0
007 ta
008 230509b bl.||||| |||| 00| 0 por d
040 _aBR-BrBNA
_bpor
_cBiblioteca Nacional de Agricultura
041 _a(Por)
072 _aN10
_b4400
090 _ 4400 BR8400362
100 1 _aRocha, J.L.V. da
100 1 _aRocha, L.A.R.
110 1 _aInstituto Campineiro de Ensino Agricola, Campinas, SP (Brasil)
_95945
245 1 _aGuia do tecnico agropecuario. Construcoes e instalacoes rurais
246 1 _a[Guidebook of the farm technician. Rural buildings and installations]
260 3 _aCampinas, SP (Brasil):
_c1982.
300 _a158 p.
650 _aINSTALACAO AGRICOLA
650 _aMADEIRA
650 _aESTABULO
650 _aGALINHEIRO
650 _aPOCILGA
650 _aSILO
909 _a202309
_bLucia
_c55
_dLucia Elande
942 _cBK
999 _c35878
_d35878